Welcome to UE Central Library

Keep Smiling

Numerical analysis of heat transfer flow of water and sodium alginate based hybrid nanofluids (Record no. 27096)

MARC details
000 -LEADER
fixed length control field 00667nam a2200169 4500
005 - DATE AND TIME OF LATEST TRANSACTION
control field 20260610111512.0
008 - FIXED-LENGTH DATA ELEMENTS--GENERAL INFORMATION
fixed length control field 260610b |||||||| |||| 00| 0 eng d
040 ## - CATALOGING SOURCE
Transcribing agency UE-CL
082 ## - DEWEY DECIMAL CLASSIFICATION NUMBER
Classification number 532.053
Item number N9174
100 ## - MAIN ENTRY--PERSONAL NAME
Student name Ahmad Farooq Laghari,
Class MS Mathematics,
Session 2023-2025.
Supervisor Supervised by Dr. Abid Hussain
245 ## - TITLE STATEMENT
Title Numerical analysis of heat transfer flow of water and sodium alginate based hybrid nanofluids
Statement of responsibility, etc / Ahmad Farooq Leghari
260 ## - PUBLICATION, DISTRIBUTION, ETC. (IMPRINT)
Place of publication, distribution, etc Multan ,
Name of publisher, distributor, etc Department of Mathematics, Multan Campus, University of Education,
Date of publication, distribution, etc 2025
300 ## - PHYSICAL DESCRIPTION
Extent 93 p.
546 ## - LANGUAGE NOTE
Language note English
650 ## - SUBJECT ADDED ENTRY--TOPICAL TERM
Topical term or geographic name as entry element Numerical Analysis--Heat Transfer--Water and Sodiun--Nanofluids
942 ## - ADDED ENTRY ELEMENTS (KOHA)
Koha item type Theses
Holdings
Withdrawn status Damaged status Home library Current library Date acquired Full call number Barcode Date last seen Price effective from Koha item type
    UE-Central Library UE-Central Library 10.06.2026 532.053 N9174 TTH3044 10.06.2026 10.06.2026 Theses
Copyright © 2023, University of Education, Lahore. All Rights Reserved.
Email:centrallibrary@ue.edu.pk